000 00385cam a22001457a 4500
008 180718b1995 xxu||||| |||| 00| 0 eng d
020 _a0670865117
082 _aQ81x54 K123
100 _aKakar, Sudhir
245 _aColours of violence
_cby Sudhir Kakar
260 _aNew Delhi
_bPenguin Books
_c1995
300 _a272p.
650 _aCommunalism - India
650 _aViolence - India
999 _c378734
_d378734